Normal view
MARC view
- Princy G
Entry Personal Name
001 - CONTROL NUMBER
- control field: 2760
003 - CONTROL NUMBER IDENTIFIER
- control field: OSt
005 - DATE AND TIME OF LATEST TRANSACTION
- control field: 20180207115705.0
008 - FIXED-LENGTH DATA ELEMENTS
- fixed length control field: 180207|| aca||aabn | a|a d
040 ## - CATALOGING SOURCE
- Original cataloging agency: OSt
- Transcribing agency: OSt
100 ## - HEADING--PERSONAL NAME
- Personal name: Princy G
670 ## - SOURCE DATA FOUND
- Source citation: Work cat.: (OSt): ANU N 2759, Water requirement of coconut in tropical monsoon climate
